The complexities of care : (Record no. 23241)
[ view plain ]
| 000 -LEADER | |
|---|---|
| fixed length control field | 02588cam a22004574a 4500 |
| 001 - CONTROL NUMBER | |
| control field | 14278644 |
| 003 - CONTROL NUMBER IDENTIFIER | |
| control field | OSt |
| 005 - DATE AND TIME OF LATEST TRANSACTION | |
| control field | 20170518102823.0 |
| 008 - FIXED-LENGTH DATA ELEMENTS--GENERAL INFORMATION | |
| fixed length control field | 060224s2006 nyu b 001 0 eng c |
| 010 ## - LIBRARY OF CONGRESS CONTROL NUMBER | |
| LC control number | 2006006528 |
| 020 ## - INTERNATIONAL STANDARD BOOK NUMBER | |
| International Standard Book Number | 9780801445057 (cloth : alk. paper) |
| 020 ## - INTERNATIONAL STANDARD BOOK NUMBER | |
| International Standard Book Number | 0801445051 (cloth : alk. paper) |
| 020 ## - INTERNATIONAL STANDARD BOOK NUMBER | |
| International Standard Book Number | 9780801473227 (pbk. : alk. paper) |
| 020 ## - INTERNATIONAL STANDARD BOOK NUMBER | |
| International Standard Book Number | 0801473225 (pbk. : alk. paper) |
| 035 ## - SYSTEM CONTROL NUMBER | |
| System control number | (DNLM)101270333 |
| 040 ## - CATALOGING SOURCE | |
| Original cataloging agency | MMU |
| Transcribing agency | MMU |
| Modifying agency | MMU |
| Language of cataloging | eng |
| 042 ## - AUTHENTICATION CODE | |
| Authentication code | pcc |
| 050 00 - LIBRARY OF CONGRESS CALL NUMBER | |
| Classification number | RT82 |
| Item number | .C655 2006 |
| 060 10 - NATIONAL LIBRARY OF MEDICINE CALL NUMBER | |
| Classification number | WY 100 |
| Item number | C7375 2006 |
| 082 00 - DEWEY DECIMAL CLASSIFICATION NUMBER | |
| Classification number | 610.73 |
| Edition number | 22 |
| 245 04 - TITLE STATEMENT | |
| Title | The complexities of care : |
| Remainder of title | nursing reconsidered / |
| Statement of responsibility, etc. | edited by Sioban Nelson and Suzanne Gordon. |
| 260 ## - PUBLICATION, DISTRIBUTION, ETC. (IMPRINT) | |
| Place of publication, distribution, etc. | Ithaca, N.Y. : |
| Name of publisher, distributor, etc. | Cornell University Press, |
| Date of publication, distribution, etc. | 2006. |
| 300 ## - PHYSICAL DESCRIPTION | |
| Extent | vii, 211 p. cm. |
| 440 #4 - SERIES STATEMENT/ADDED ENTRY--TITLE | |
| Title | The culture and politics of health care work |
| 504 ## - BIBLIOGRAPHY, ETC. NOTE | |
| Bibliography, etc | Includes bibliographical references (p. [191]-204) and index. |
| 505 0# - FORMATTED CONTENTS NOTE | |
| Formatted contents note | Moving beyond the virtue script in nursing : creating a knowledge-based identity for nurses / Suzanne Gordon and Sioban Nelson -- When little things are big things : the importance of relationships for nurses' professional practice / Dana Beth Weinberg -- Pride and prejudice : nurses' struggle with reasoned debate / Diana J. Mason -- Moral integrity and regret in nursing / Lydia L. Moland -- Ethical expertise and the problem of the good nurse / Sioban Nelson -- From sickness to health / Tom Keighley -- The new Cartesianism : dividing mind and body and thus disembodying care / Suzanne Gordon -- Nurses must be clever to care / Sanchia Aranda and Rosie Brown -- "You don't want to stay here" : surgical nursing and the disappearance of patient recovery time / Marie Heartfield -- Research on nurse staffing and its outcomes : challenges and risks / Sean Clarke -- Nurses wanted : sentimental men and women need not apply / Sioban Nelson and Suzanne Gordon. |
| 650 #0 - SUBJECT ADDED ENTRY--TOPICAL TERM | |
| Topical term or geographic name as entry element | Nursing. |
| 650 #0 - SUBJECT ADDED ENTRY--TOPICAL TERM | |
| Topical term or geographic name as entry element | Nursing |
| General subdivision | Philosophy. |
| 650 #0 - SUBJECT ADDED ENTRY--TOPICAL TERM | |
| Topical term or geographic name as entry element | Nursing ethics. |
| 650 #0 - SUBJECT ADDED ENTRY--TOPICAL TERM | |
| Topical term or geographic name as entry element | Nursing |
| General subdivision | Social aspects. |
| 650 #0 - SUBJECT ADDED ENTRY--TOPICAL TERM | |
| Topical term or geographic name as entry element | Care of the sick. |
| 650 12 - SUBJECT ADDED ENTRY--TOPICAL TERM | |
| Topical term or geographic name as entry element | Nursing Care. |
| 650 22 - SUBJECT ADDED ENTRY--TOPICAL TERM | |
| Topical term or geographic name as entry element | Philosophy, Nursing. |
| 650 22 - SUBJECT ADDED ENTRY--TOPICAL TERM | |
| Topical term or geographic name as entry element | Ethics, Nursing. |
| 700 1# - ADDED ENTRY--PERSONAL NAME | |
| Personal name | Nelson, Sioban. |
| 700 1# - ADDED ENTRY--PERSONAL NAME | |
| Personal name | Gordon, Suzanne, |
| Dates associated with a name | 1945- |
| 856 41 - ELECTRONIC LOCATION AND ACCESS | |
| Materials specified | Table of contents only |
| Uniform Resource Identifier | <a href="http://www.loc.gov/catdir/toc/ecip069/2006006528.html">http://www.loc.gov/catdir/toc/ecip069/2006006528.html</a> |
| 906 ## - LOCAL DATA ELEMENT F, LDF (RLIN) | |
| a | 7 |
| b | cbc |
| c | orignew |
| d | 1 |
| e | ecip |
| f | 20 |
| g | y-gencatlg |
| 942 ## - ADDED ENTRY ELEMENTS (KOHA) | |
| Source of classification or shelving scheme | Library of Congress Classification |
| Koha item type | L |
| Withdrawn status | Lost status | Source of classification or shelving scheme | Damaged status | Not for loan | Home library | Current library | Date acquired | Total Checkouts | Full call number | Barcode | Date last seen | Price effective from | Koha item type |
|---|---|---|---|---|---|---|---|---|---|---|---|---|---|
| Library of Congress Classification | Maasai Mara University Library -Main Campus | Maasai Mara University Library -Main Campus | 02/21/2017 | RT82.C655 2006 | 17024559 | 02/21/2017 | 02/21/2017 | L |